Ciclo de conferencias y mesas redondas " Globalización y derechos humanos" : Fascículo 2. Los excluidos de la globalización.

محفوظ في:
التفاصيل البيبلوغرافية
مؤلف مشترك: Comisión Nacional de los Derechos Humanos (México)
التنسيق: كتاب
اللغة:الإسبانية
سلاسل:(Los derechos humanos y la globalización ; 2).
الموضوعات:
الوسوم: إضافة وسم
لا توجد وسوم, كن أول من يضع وسما على هذه التسجيلة!

MARC

LEADER 00000nam^a2200000^u^4500
001 000533312
005 20250521000000.0
008 150423s10001000^^^^cr^^r^^^^^000^0^spa^d
009 20260310130930.46
022 |a 9789706445711 
035 |a FCE 000077560 
037 |a Acervo ITESO - Biblioteca 
041 |a spa 
082 0 4 |a 323.72  |b COMc 
110 |a Comisión Nacional de los Derechos Humanos (México) 
245 1 0 |a Ciclo de conferencias y mesas redondas " Globalización y derechos humanos" :  |b Fascículo 2. Los excluidos de la globalización. 
264 |a México :  |b CNDH,  |c 2005. 
300 |a 112 p. 
336 |a texto  |b txt  |2 rdacontenido 
337 |a sin mediación  |b n  |2 rdamedio 
338 |a volumen  |b nc  |2 rdasoporte 
440 0 |a (Los derechos humanos y la globalización ; 2). 
649 |a XX 
650 |a Derechos humanos 
650 |a Globalización 
650 |a Derechos del niño 
650 |a Aspectos sociales 
650 |a Derechos civiles 
650 |a Envejecimiento 
650 |a Violencia contra la mujer 
910 |a Fondo Centro de Estudios Educativos 
920 |a Impresos - Libros 
930 |a Fondos Especiales 
905 |a 133 
901 |a ALE074728  |b IT2  |c CEE  |u 20250521 
902 |a https://opac.biblio.iteso.mx/vufind/Record/000533312